Central Library, Doon University
WEBOPAC (ONLINE PUBLIC ACCESS CATALOGUE)

Supplement to the Flowering Plants of Uttarakhand (Record no. 60878)

MARC details
000 -LEADER
fixed length control field 00606nam a22002057a 4500
005 - DATE & TIME
control field 20260523154924.0
008 - FIXED-LENGTH DATA ELEMENTS--GENERAL INFORMATION
fixed length control field 260523b |||||||| |||| 00| 0 eng d
020 ## - ISBN
International Standard Book Number 9789360286996
Price 495.00
040 ## - CATALOGING SOURCE
Original cataloging agency Doon University
041 ## - Language
Language English
082 ## - DDC NUMBER
Classification number 581.95496
Book Number UNI
100 ## - MAIN ENTRY--PERSONAL NAME
Personal name Uniyal, B.P.
245 ## - TITLE STATEMENT
Title Supplement to the Flowering Plants of Uttarakhand
260 ## - PUBLICATION, DISTRIBUTION, ETC. (IMPRINT)
Place of publication, distribution, etc Dehradun
Name of publisher, distributor, etc Bishan Singh Mahindra Pal Singh
Date of publication, distribution, etc 2025
300 ## - PHYSICAL DESCRIPTION
Pages 64
650 ## - Subject
Subject Uttarakhand Collection : Himalaya Collection
700 ## - Added Entry Personal Name
Added Entry Personal Name Kandwal, Manish
700 ## - Added Entry Personal Name
Added Entry Personal Name Uniyal, Sanjay Kumar
942 ## - ADDED ENTRY ELEMENTS (KOHA)
Koha item type Books
100 ## - MAIN ENTRY--PERSONAL NAME
-- 5060
650 ## - Subject
-- 13
700 ## - Added Entry Personal Name
-- 26906
700 ## - Added Entry Personal Name
-- 26907
952 ## - LOCATION AND ITEM INFORMATION (KOHA)
-- 2026-05-23
Holdings
Withdrawn status Lost status Source of classification or shelving scheme Damaged status Not for loan Location (home branch) Sublocation or collection (holding branch) Date acquired Koha full call number Accession No. Koha date last seen Koha item type
          Doon University Doon University 23.05.2026 581.95496 UNI 53968 23.05.2026 Books
Contact : +91-135-2533126 (Library),+91-135-2533105 (Admin Office) , Email : doonlibrary@gmail.com

Powered by Koha